[Event "Lippe Cup 02nd"]
[Site "Lieme"]
[Date "2005.10.09"]
[Round "5"]
[White "Kortschmar, Alexander"]
[Black "Wuttke, Lukas Jan"]
[Result "0-1"]
[WhiteElo "1625"]
[BlackElo "1077"]
[PlyCount "74"]
[EventDate "2005.10.07"]
[EventType "swiss"]
[EventRounds "5"]
[EventCountry "GER"]
[SourceTitle "EXT 2012"]
[Source "ChessBase"]
[SourceDate "2011.11.24"]
[SourceVersion "1"]
[SourceVersionDate "2011.11.24"]
[SourceQuality "1"]

1. e4 c5 2. Nf3 d6 3. Bb5+ Bd7 4. Bxd7+ Qxd7 5. Nc3 Nf6 6. d4 cxd4 7. Nxd4 g6 8. Be3 Ng4 9. Bc1 Bg7 10. h3 Nf6 11. Be3 Nc6 12. Qd2 0-0 13. 0-0-0 Rfc8 14. g4 Ne5 15. g5 Nh5 16. Kb1 Nc4 17. Qe2 Nxe3 18. Qxe3 Rc4 19. Nce2 Rac8 20. c3 b5 21. Rd3 Qb7 22. Rc1 a5 23. Ka1 b4 24. f4 a4 25. f5 Rb8 26. Rb1 bxc3 27. Nxc3 Rb4 28. Qd2 Be5 29. Qf2 Qb6 30. Nd5 Bxd4 31. Rxd4 Qxd4 32. Qxd4 Rxd4 33. Nxe7+ Kf8 34. Nc6 Rbb4 35. Re1 Rxe4 36. Rc1 Rbc4 37. Rxc4 Rxc4 0-1